000 01088nam0a22002531 4500
001 rc\2740687
005 20250529141138.0
035 _a(NLR Aleph) 006867844
090 _a6915602
_c6915602
100 _a20110915d1939 |||y0rusy50 ca
101 0 _arus
102 _aRU
105 _aa z |||||
200 1 _aАгротехника и селекция бересклета
_fСборник работ под ред. С. С. Пятницкого
_gНКЗ УССР. Укр. науч.-иссл. ин-т агролесомелиорации и лес. хоз-ва
210 _aХ.
_cТип. изд-ва "Комунiст"
_d1939
215 _a151 с.
_cил.
_d22 см.
320 _a"Цитированная лит-ра" (с. 148-49)
702 1 _aПятницкий
_bС.С.
_4340
712 0 2 _aУкраинский научно-исследовательский институт агролесомелиорации и лесного хозяйства (Харьков)
801 0 _aRU
_bNLR
_gpsbo
801 1 _aRU
_bELAR
_2rusmarc
852 _aNLR
_j39-3/360
942 _cBOOK
980 _aNB